Al señor D. Gregorio Altamirano Portocarrero, cavallero de la Orden de Santiago, de el Consejo de su Magestad en el de Hazienda y su contaduría mayor, contador mayor de la orden, y cavallería de Alcantara, &c. (Record no. 10779)

MARC details
000 -CABECERA
campo de control de longitud fija 00737nam a22001577a 4500
003 - IDENTIFICADOR DEL NÚMERO DE CONTROL
campo de control FranzMayer
005 - FECHA Y HORA DE LA ÚLTIMA TRANSACCIÓN
campo de control 20190828123745.0
008 - DATOS DE LONGITUD FIJA--INFORMACIÓN GENERAL
campo de control de longitud fija 190828b ||||| |||| 00| 0 spa d
040 ## - FUENTE DE LA CATALOGACIÓN
Centro/agencia transcriptor Franz
245 ## - MENCIÓN DE TÍTULO
Título Al señor D. Gregorio Altamirano Portocarrero, cavallero de la Orden de Santiago, de el Consejo de su Magestad en el de Hazienda y su contaduría mayor, contador mayor de la orden, y cavallería de Alcantara, &c.
300 ## - DESCRIPCIÓN FÍSICA
Extensión [2], 274 h.
Dimensiones 30 x 21 cm.
500 ## - NOTA GENERAL
Nota general Incluye elenco de las materias que se añaden en esta primera parte.
500 ## - NOTA GENERAL
Nota general Estado físico: en mal estado. Se encuentra en el Área de Restauración. Encuadernación en pergamino.
600 ## - PUNTO DE ACCESO ADICIONAL DE MATERIA--NOMBRE DE PERSONA
Nombre de persona Altamirano Portocarrero, Gregorio
9 (RLIN) 28342
942 ## - ELEMENTOS DE PUNTO DE ACCESO ADICIONAL (KOHA)
Fuente del sistema de clasificación o colocación Library of Congress Classification
Tipo de ítem Koha Libros
Holdings
Estado de retiro Estado de pérdida Fuente del sistema de clasificación o colocación Estado dañado No para préstamo Código de colección Localización permanente Ubicación/localización actual Fecha de adquisición Total de préstamos Signatura topográfica completa Código de barras Fecha visto por última vez Precio válido a partir de Tipo de ítem Koha
El ejemplar forma parte de la colección y puede ser consultado según las políticas vigentes.   Library of Congress Classification     Libros Antiguos y Raros Biblioteca del Museo Franz Mayer (Rogerio Casas-Alatriste) Biblioteca del Museo Franz Mayer (Rogerio Casas-Alatriste) 28/08/2019   LM36 LAR00198 08/09/2023 08/09/2023 Libros